000 00215nam a22000857a 4500
999 _c5128
_d5128
008 161230b xxu||||| |||| 00| 0 eng d
020 _a9788131808900
100 _92241
_aMazumdar.I
245 _aPhysical Education -IX
260 _aNew Delhi
_bL.P
_c2011